Elements of soil mechanics for civil and mining engineers

Bibliographic Details
Main Author: Smith, G. N. (Author)
Format: Book
Published: London Granada 1978
Edition:4th ed.
Subjects:

MARC

LEADER 00000cam a2200000 7i4500
001 0000000230
008 021118n
020 |a 0246113340  |c (pb.) 
020 |a 0258971053  |c (hb.) 
090 0 0 |a TA719  |b .S6 1978 
100 0 |a Smith, G. N.  |e author 
245 0 0 |a Elements of soil mechanics for civil and mining engineers   |c G. N. Smith 
250 |a 4th ed. 
260 2 |a London   |b Granada  |c 1978 
300 |a 424 p. ;  |c 22 cm. 
650 0 |a Soil mechanics 
999 |a 1000035482  |b Book  |c OPEN SHELF (30 DAYS)  |e Gong Badak Campus